mysqli: Table './ulib62015/stat_globaluid' is marked as crashed and should be repaired
select id from stat_globaluid where statuid='20260517220253_3448'
mysqli: Table './ulib62015/stat_globaluid' is marked as crashed and should be repaired
DELETE FROM stat_globaluid
WHERE id NOT IN (
SELECT id
FROM (
SELECT id
FROM stat_globaluid
ORDER BY id DESC
LIMIT 100
) foo
);
mysqli: Table './ulib62015/stat_globaluid' is marked as crashed and should be repaired
insert into stat_globaluid set
statuid='20260517220253_3448',
dt='1779030173',
phpself='/ULIB62015/dublinfull.php',
agent='Mozilla/5.0 AppleWebKit/537.36 (KHTML, like Gecko; compatible; ClaudeBot/1.0; +claudebot@anthropic.com)',
yea='2026',
mon='5',
dat='17',
ip='216.73.216.45'
mysqli: Table './ulib62015/stathist_viewbib_bib_type' is marked as crashed and should be repaired
insert into stathist_viewbib_bib_type set
dat='17' ,
mon='05' ,
yea='2026' ,
statuid='20260517220253_3448' ,
head='31286' ,
foot='marc' ,
dt='1779030173'
| LEADER : 01174nam 2200277 a 4500 |
| 008 030417s2004 caua sb 001 0 eng |
| 020 ^a9749113713
|
| 060 ^aWC503^bป451อ 2546
|
| 100 ^aปราโมทย์ ธีรพงษ์
|
| 245 ^aเอดส์ การรักษา ยา และวัคซีน/^cปราโมทย์ ธีรพงษ์
|
| 260 ^aนนทบุรี:^bโครงการสวัสดิการวิชาการ สถาบันพระบรมราชชนก,^c2546
|
| 300 ^a461 หน้า:^bภาพประกอบ;^c26ซม.
|
| 650 0 ^aโรคเอดส์
|
| 650 0 ^aกลุ่มอาการขาดภูมิต้านทาน
|
| 650 0 ^aยารักษาโรคเอดส์
|
| 710 1 ^aสถาบันพระบรมราชชนก.^bโครงการสวัสดิการวิชาการ
|
| 913 ^aImported by ULIBM Administrator
|
| 945 ^p0^l0^i011439
|
| 945 ^p0^l0^i021014
|
| 945 ^p0^l0^i021015
|
| 945 ^p0^l0^i021016
|
| 945 ^p0^l0^i021017
|
| 945 ^p0^l0^i021018 |
| 949 ^aImport form external file by ULIBM system
|
| 999 ^aอริศรา หะยีเด
|
| คุณยังไม่ได้ล็อกอิน คุณสามารถมีกิจกรรมร่วมกับเว็บไซต์ได้ แต่ต้องล็อกอินก่อน :: |
|
|
|
รายการใกล้เคียง
หัวเรื่อง [โรคเอดส์]
|
|
ยังไม่เคยถูกคอมเมนท์
|
| คอมเมนท์ทรัพยากรรายการนี้ |
|